LEADER 01776nam a2200289 i 4500 001 000000259273 003 CaOOAMICUS 005 20180725000000.0 008 180725s2013 xx u000 u lat u 013 $a238181 020 $a978-88-7013-291-5 040 $aSeMil$bita 100 0 $aAlexander : Halensis,$d<1185-1245>.$0(OLS)http://semarc/name/90162 245 10$aAlexandri de Hales Quaestiones disputatae quae ad rerum universitatem pertinent :$bDe aeternitate, Aevo et tempore de duratione mundi seu de materia prima de duobus principiis, De malo, De oppositione mali de modo, specie et ordine /$ccritice editae a Hyancintho Mathaeo Wierzbicki. 260 $aGrottaferrata (Roma) :$bEditiones Collegii S. Bonaventurae ad Claras Aquas,$c2013. 300 $a493 p. ;$c24 cm. 490 0 $aBibliotheca franciscana scholastica Medii Aevi ;$v29. 700 1 $aWierzbicki, Mateusz Jacek,$c.$0(OLS)http://semarc/name/95069 830 0$aBibliotheca franciscana scholastica Medii Aevi ;$v29.$0(OLS)http://semarc/title/400182 850 $aSeMil 852 $aSeMil$W1$xVenegono$y1$m2N IV 629$j209618$B209618$CSeMilBibl$Z2$F223284 $81 900 0 $aAlessandro : di Hales. 961 $aAcquisto: Frati Editori di Quaracchi 996 $6020$a978-88-7013-291-5$9(OLS)http://semarc/number/284925 996 $6245$aAlexandri de Hales Quaestiones disputatae quae ad rerum universitatem pertinent :$bDe aeternitate, Aevo et tempore de duratione mundi seu de materia prima de duobus principiis, De malo, De oppositione mali de modo, specie et ordine$9(OLS)http://semarc/title/414063 996 $6260$aGrottaferrata (Roma) :$bEditiones Collegii S. Bonaventurae ad Claras Aquas$9(OLS)http://semarc/publisher/42632 LEADER 01387nam a2200289 i 4500 001 000000185029 003 CaOOAMICUS 005 20151007000000.0 008 151007s1995 it u000 u ita u 013 $a163022 020 $a88-315-1021-5 040 $aSeMil$bita 100 1 $aPangrazzi, Arnaldo.$0(OLS)http://semarc/name/21182 245 10$aPerché proprio a me? :$bche cosa ho fatto di male? : Perché il Signore permette il dolore? : E perché non interviene? /$cArnaldo Pangrazzi. 260 $aMilano :$bPaoline,$c1995. 300 $a123 p. ;$c20 cm. 490 0 $aSpazi per lo spirito ;$v9 650 4$aBibbia. Antico Testamento. Giobbe - Meditazioni.$0(OLS)http://semarc/subject/21627 650 4$aDolore - Meditazioni.$0(OLS)http://semarc/subject/10832 650 4$aSofferenza - Meditazioni.$0(OLS)http://semarc/subject/17808 830 0$aSpazi per lo spirito ;$v9.$0(OLS)http://semarc/title/14312 850 $aSeMil 852 $aSeMil$W1$xVenegono$y1$m2D II 327$j135720$B135720$CSeMilBibl$Z2$F147267 $81 961 $aOmaggio: Martinelli don Romano 996 $6020$a88-315-1021-5$9(OLS)http://semarc/number/175082 996 $6245$aPerché proprio a me? :$bche cosa ho fatto di male? : Perché il Signore permette il dolore? : E perché non interviene?$9(OLS)http://semarc/title/265745 996 $6260$aMilano :$bPaoline$9(OLS)http://semarc/publisher/29684